000 02134cam a2200481 i 4500
001 26487
003 Mx-PuUPA
005 20250701105921.0
008 140415s2007 mx ao gr 000 0 spa d
020 _a9780241241165
_qpasta dura
040 _cMx-PuUPA
_aMx-PuUPA
_bspa
_dMx-PuUPA
_erda
041 1 _aspa
_heng
100 1 _aParker, Steve,
_d1952-
_eautor
_917210
240 1 4 _aThe human body.
_lEspañol
245 1 0 _aCuerpo humano
_cSteve Parker ; colaboradores, Mary Allen, Andrea Bagg, Katie John [y otros cuatro] ; presentado por Robert Winston ; traducción, Ana Ferran y Manel Pijoan-Rotge
250 _aSegunda edición /
_bactualizada y ampliada
264 2 _aMéxico, D.F. :
_bComercializadora ORC,
_c2007
300 _a288 páginas :
_bilustraciones, fotografías ;
_c32 cm +
_e1 video disco (4 3/4 pulg.)
336 _2rdacontent
_atexto
_btxt
337 _2rdamedia
_asin medio
_bn
337 _2rdamedia
_acomputadora
_bc
338 _2rdacarrier
_avolumen
_bnc
338 _2rdacarrier
_adisco compacto
_bdvd
500 _a"Una guía ilustrada de sus estructuras, funciones y trastornos". -- Cubierta.
501 _acon:1 DVD ROM
538 _iPC windows XP con service pack 2, Windows vista o Windosws 7; procesador Intel o AMD; tarjeta de sonido; color de 24 bots: respñico+pmd e ña ámtañña de 1024 x 768.
650 7 _2armarc
_aAnatomía humana
650 7 _2armarc
_aCurpo humano
_vEnciclopedia
650 7 _2armarc
_aCuerpo humano
_xLiteratura juvenil
650 7 _2armarc
_aFisiología humana
_xLiteratura juvenil
650 7 _2armarc
_aPreguntas y respuestas
700 1 _aAllen, Mary,
_ecolaborador
700 1 _aBagg, Andrea,
_ecolaborador
700 1 _aJohn, katie,
_ecolaborador
700 1 _aWinston, Robert,
_epresentador
700 1 _aFerran, Anna,
_etraductor
700 1 _aPijoan-Rotge, Manel,
_etraductor
765 0 _aParker, Steve,
_dGran Bretaña :Dorling Kindersley Limited, 2007
_tThe human body.
942 _2ddc
_cLI
_h808.803561
_iP2218
999 _c26487
_d26487